000 00666nam a22001937a 4500
999 _c168191
_d168191
005 20190927155719.0
010 _aUR-10509
020 _c100.00
_a-
035 _aU-9064
037 _bDBAD/PUB
_a-
082 _a844
100 _aا حسن ا ما م ا حسن
245 _aجھا ر کھنڈ کے قلم کا ر
_cا حسن ا ما م ا حسن
246 _bJharkhand ke qalam Kaar (Urdu)
_aby Ahsan Imam Ahsan
260 _aDelhi
_bEducational Publishing House
_c2019 ء
270 _a3191,Vakil Street,Kucha Pandit, Lal kuan ,
_bDelhi
_e110006
_k23216162
_l-
300 _a144ص
_c22 Cm(Hb)
942 _2ddc
_cUR
_h844
_mا ح س